| 000 | 00414nam a2200169Ia 4500 | ||
|---|---|---|---|
| 005 | 20140402150844.0 | ||
| 008 | 140130s9999 xx 000 0 und d | ||
| 050 |
_aPZ 7 _b.C815358 2001 |
||
| 245 |
_cFreeman, Don _aCorduroy's christmass surprise |
||
| 260 |
_bScholastic, _c2000 |
||
| 300 |
_a29 _bcol. ill. ; _c21 cm. |
||
| 440 | _v1 | ||
| 521 | _aG2 | ||
| 526 | _c420 | ||
| 942 |
_cBK _2lcc |
||
| 999 |
_c40291 _d40291 |
||